000 00566nam a2200193Ia 4500
008 220216s9999 xx 000 0 und d
100 _aIshiaku U S
245 0 _aCure characteristics and vulcanisate properties of a natural rubber compound extended with convoluted rubber powder
260 _bPolymer Testing
_c2000
300 _a507-21
500 _aSource Year: 2000
650 _aConvoluted rubber powder
650 _aNatural rubber
650 _aVulcanisate properties
700 _aChong C S
700 _aIsmail H
856 _uRAPRA
942 _cJS
999 _c56625
_d56625